[Event "5MCR_4D_1L_4S"]
[Site "?"]
[Date "2002.??.??"]
[Round "?"]
[White "Jordanek, Jiri"]
[Black "Mozny, Milos"]
[Result "1-0"]
[WhiteElo "2000"]
[BlackElo "2000"]
[PlyCount "69"]
[EventDate "2002.??.??"]
[EventType "corr"]
[SourceDate "2004.??.??"]

1. e4 c5 2. Nf3 e6 3. d4 cxd4 4. Nxd4 Nf6 5. Nc3 d6 6. g4 h6 7. h4 Be7 8. Rg1
Nh7 9. g5 hxg5 10. hxg5 Nf8 11. Be3 a6 12. Qd2 b5 13. O-O-O Bb7 14. a3 Nbd7 15.
f4 Rc8 16. Kb1 Qa5 17. Nb3 Qc7 18. Bg2 Nb6 19. Na5 Ba8 20. Bd4 e5 21. Be3 Ng6
22. f5 Nf4 23. Bxf4 exf4 24. Rh1 Rxh1 25. Rxh1 Qc5 26. Qxf4 Qe5 27. Qf2 Qc5 28.
Qd2 Qe5 29. f6 gxf6 30. Rh8+ Bf8 31. g6 fxg6 32. Qh6 Nd7 33. Bh3 Bxe4 34. Nxe4
Qxe4 35. Qg7 1-0

[Event "5MCR_4D_1L_4S"]
[Site "?"]
[Date "2002.??.??"]
[Round "?"]
[White "Jordanek, Jiri"]
[Black "Rybakova, Ivana"]
[Result "1/2-1/2"]
[WhiteElo "2000"]
[BlackElo "2170"]
[PlyCount "59"]
[EventDate "2002.??.??"]
[EventType "corr"]
[SourceDate "2004.??.??"]

1. e4 e5 2. Nf3 Nc6 3. Bb5 a6 4. Ba4 Nf6 5. O-O Be7 6. Re1 b5 7. Bb3 O-O 8. c3
d5 9. exd5 Nxd5 10. Nxe5 Nxe5 11. Rxe5 c6 12. d4 Bd6 13. Re1 Qh4 14. g3 Qh3 15.
Be3 Bg4 16. Qd3 Rae8 17. Nd2 f5 18. f4 g5 19. Qf1 Qh5 20. Qg2 gxf4 21. Bxd5+
cxd5 22. Qxd5+ Kg7 23. Bxf4 Bxf4 24. gxf4 Kh8 25. Qc6 Be2 26. Nf1 Rg8+ 27. Ng3
Qg4 28. a4 Re3 29. Qf6+ Rg7 30. Qf8+ 1/2-1/2

[Event "5MCR_4D_1L_4S"]
[Site "?"]
[Date "2002.??.??"]
[Round "?"]
[White "Kolarik, Jiri"]
[Black "Cakl, Zdenek"]
[Result "1-0"]
[WhiteElo "2375"]
[BlackElo "2155"]
[PlyCount "117"]
[EventDate "2002.??.??"]
[EventType "corr"]
[SourceDate "2004.??.??"]

1. Nf3 Nf6 2. g3 g6 3. Bg2 Bg7 4. O-O O-O 5. c4 c5 6. d4 cxd4 7. Qxd4 d6 8. Nc3
Ng4 9. Qd2 Nc6 10. b3 Nf6 11. Bb2 Bd7 12. Nd5 Ne8 13. Bxg7 Nxg7 14. Rfd1 Rc8
15. Rac1 Be6 16. b4 Qd7 17. a3 Rfd8 18. Ne3 b6 19. Ng5 h5 20. Nxe6 Nxe6 21. f4
Ng7 22. c5 bxc5 23. bxc5 Nf5 24. cxd6 Nxe3 25. Qxe3 exd6 26. f5 Ne7 27. fxg6
fxg6 28. Bh3 Qxh3 29. Qxe7 Rf8 30. Qxd6 Qf5 31. Rxc8 Rxc8 32. Qd5+ Qxd5 33.
Rxd5 Rc7 34. h4 Kf7 35. Kf2 a6 36. Rd6 a5 37. Rd5 a4 38. Rd4 Ra7 39. Kf3 g5 40.
hxg5 Kg6 41. Kg2 Kxg5 42. Kh3 Ra6 43. e4 Kf6 44. Kh4 Ra5 45. Rd6+ Kf7 46. Rd5
Ra8 47. Rb5 Kf6 48. Kxh5 Rc8 49. Rf5+ Ke6 50. Ra5 Rc3 51. g4 Rxa3 52. Kg6 Ra2
53. g5 a3 54. Ra7 Ke5 55. Ra4 Ke6 56. Ra5 Kd6 57. Kg7 Ke7 58. g6 Ke6 59. e5 1-0

[Event "5MCR_4D_1L_4S"]
[Site "?"]
[Date "2002.??.??"]
[Round "?"]
[White "Kolarik, Jiri"]
[Black "Flek, Vladislav"]
[Result "1-0"]
[WhiteElo "2375"]
[BlackElo "2000"]
[PlyCount "75"]
[EventDate "2002.??.??"]
[EventType "corr"]
[SourceDate "2004.??.??"]

1. Nf3 Nf6 2. g3 c5 3. Bg2 e6 4. O-O Be7 5. c4 O-O 6. Nc3 Nc6 7. d4 cxd4 8.
Nxd4 a6 9. b3 Qc7 10. Bb2 d6 11. Rc1 Nxd4 12. Qxd4 Bd7 13. Rfd1 Rfd8 14. Qe3
Rac8 15. a4 b6 16. h3 Qb8 17. Ne4 Nxe4 18. Bxe4 h6 19. Qf3 a5 20. Qe3 Qc7 21.
Bd4 Rb8 22. Kh2 Be8 23. Qc3 Bf8 24. Qd3 Be7 25. f4 f5 26. Bh1 e5 27. Bb2 Qc5
28. Bd5+ Kh8 29. fxe5 Qf2+ 30. Kh1 Bh5 31. Rf1 Bxe2 32. Qc2 Qxf1+ 33. Rxf1 Bxf1
34. e6 Rf8 35. Qc1 f4 36. Qxf1 fxg3 37. Qd3 Bh4 38. Bf3 1-0

[Event "5MCR_4D_1L_4S"]
[Site "?"]
[Date "2002.??.??"]
[Round "?"]
[White "Kolarik, Jiri"]
[Black "Jordanek, Jiri"]
[Result "1-0"]
[WhiteElo "2375"]
[BlackElo "2000"]
[PlyCount "60"]
[EventDate "2002.??.??"]
[EventType "corr"]
[SourceDate "2004.??.??"]

1. Nf3 Nf6 2. g3 d5 3. Bg2 c6 4. O-O Bg4 5. d4 Nbd7 6. Nbd2 e6 7. Re1 Be7 8. h3
Bh5 9. e4 Nxe4 10. Nxe4 dxe4 11. Rxe4 O-O 12. Re1 Qb6 13. Qe2 Rfe8 14. c3 Bd6
15. Be3 Qc7 16. Rad1 Rad8 17. g4 Bg6 18. Nh4 Nf8 19. a3 a6 20. c4 Be7 21. Nxg6
Nxg6 22. Be4 Rd7 23. Qf3 Qd8 24. Rd2 Bg5 25. Bxg6 hxg6 26. Bxg5 Qxg5 27. Qe3
Qd8 28. Qc3 Ree7 29. Red1 Rd6 30. Qe3 Red7 1-0

[Event "5MCR_4D_1L_4S"]
[Site "?"]
[Date "2002.??.??"]
[Round "?"]
[White "Kolarik, Jiri"]
[Black "Kosek, Lubomir"]
[Result "1-0"]
[WhiteElo "2375"]
[BlackElo "2110"]
[PlyCount "109"]
[EventDate "2002.??.??"]
[EventType "corr"]
[SourceDate "2004.??.??"]

1. Nf3 Nf6 2. g3 g6 3. Bg2 Bg7 4. O-O O-O 5. c4 c5 6. d4 cxd4 7. Qxd4 Nc6 8.
Qh4 d6 9. Nc3 Bg4 10. Bg5 Bxf3 11. Bxf3 Qb6 12. b3 Nd4 13. Bg2 Nf5 14. Qh3 Qa5
15. Rac1 Rab8 16. Rfd1 Nd4 17. Bd2 Qa3 18. e3 Ne6 19. e4 Qb2 20. Qh4 Nc5 21.
Bf1 b6 22. Rb1 Qa3 23. b4 Ne6 24. Rb3 Qa6 25. Be3 Qb7 26. c5 bxc5 27. e5 cxb4
28. Rdb1 dxe5 29. Rxb4 Qc7 30. Nb5 Qd7 31. Nxa7 Rxb4 32. Qxb4 Nd4 33. Qb7 Qd5
34. Qxd5 Nxd5 35. Rb7 e6 36. Bxd4 exd4 37. a4 e5 38. Nc6 e4 39. Bc4 Nc3 40. a5
d3 41. a6 Bh6 42. a7 d2 43. Bb3 e3 44. Nd4 e2 45. Nxe2 Nxe2+ 46. Kf1 Nd4 47.
Rb8 Nxb3 48. Ke2 Nc1+ 49. Kd1 Nd3 50. f4 Nxf4 51. Rxf8+ Kxf8 52. a8=Q+ Kg7 53.
Qa1+ Kg8 54. gxf4 Bxf4 55. Qf6 1-0

[Event "5MCR_4D_1L_4S"]
[Site "?"]
[Date "2002.??.??"]
[Round "?"]
[White "Kolarik, Jiri"]
[Black "Kuta, Miroslav"]
[Result "1-0"]
[WhiteElo "2375"]
[BlackElo "2180"]
[PlyCount "65"]
[EventDate "2002.??.??"]
[EventType "corr"]
[SourceDate "2004.??.??"]

1. Nf3 Nf6 2. g3 g6 3. Bg2 Bg7 4. c4 O-O 5. O-O d6 6. d4 Nc6 7. Nc3 a6 8. h3
Bd7 9. e4 e5 10. dxe5 dxe5 11. Be3 Be6 12. Qa4 Qc8 13. Kh2 h6 14. Rad1 Rb8 15.
Rfe1 Re8 16. Bf1 g5 17. g4 h5 18. Nxg5 hxg4 19. Nxe6 Qxe6 20. Nd5 Rbc8 21. Be2
gxh3 22. Rg1 Nd4 23. Rxd4 exd4 24. Bxd4 Qd6+ 25. Kh1 Re6 26. Qb3 Ne8 27. c5 Qd8
28. Bh5 h2 29. Rg2 Qd7 30. Bxg7 Nxg7 31. Bg4 Qd8 32. Bxe6 fxe6 33. Qc3 1-0

[Event "5MCR_4D_1L_4S"]
[Site "?"]
[Date "2002.??.??"]
[Round "?"]
[White "Kolarik, Jiri"]
[Black "Mozny, Milos"]
[Result "0-1"]
[WhiteElo "2375"]
[BlackElo "2000"]
[PlyCount "64"]
[EventDate "2002.??.??"]
[EventType "corr"]
[SourceDate "2004.??.??"]

1. Nf3 Nf6 2. g3 d5 3. Bg2 c5 4. O-O Nc6 5. d4 e6 6. a3 b6 7. c4 Bb7 8. cxd5
Nxd5 9. dxc5 Bxc5 10. b4 Be7 11. e4 Nf6 12. Qe2 O-O 13. Bb2 a6 14. Rd1 Qc7 15.
Nbd2 b5 16. Rac1 Qb6 17. Nd4 Nxd4 18. Bxd4 Qxd4 19. Rc7 Bxb4 20. axb4 Rab8 21.
Nb3 Qxb4 22. Nc5 Ba8 23. Nxa6 Qa5 24. Ra7 Rbd8 25. Rxd8 Rxd8 26. e5 Bxg2 27.
Kxg2 Qb6 28. Qe3 Qxe3 29. fxe3 Ng4 30. h3 Nxe3+ 31. Kf3 Nc4 32. Ke4 h6 0-1

[Event "5MCR_4D_1L_4S"]
[Site "?"]
[Date "2002.??.??"]
[Round "?"]
[White "Kolarik, Jiri"]
[Black "Struzka, Vlastimil"]
[Result "1-0"]
[WhiteElo "2375"]
[BlackElo "2180"]
[PlyCount "103"]
[EventDate "2002.??.??"]
[EventType "corr"]
[SourceDate "2004.??.??"]

1. Nf3 Nf6 2. g3 d5 3. Bg2 Nc6 4. d4 Bf5 5. c3 e6 6. O-O Qd7 7. Nbd2 Bd6 8. Re1
h5 9. Ng5 h4 10. e4 dxe4 11. Ngxe4 Nxe4 12. Nxe4 Be7 13. g4 Bg6 14. b4 h3 15.
Bf3 a6 16. Qe2 Kf8 17. Nc5 Bxc5 18. bxc5 Kg8 19. Bf4 Rb8 20. Rad1 Kh7 21. Qe3
Kg8 22. c4 e5 23. dxe5 Qe6 24. Qe2 Re8 25. Bd5 Qc8 26. e6 Ne7 27. Bf3 Nc6 28.
Bxc6 bxc6 29. e7 f5 30. g5 Rh4 31. Rd4 Qb7 32. Qd2 Rg4+ 33. Kh1 a5 34. Qxa5 Bf7
35. Qa3 Rh4 36. Qc3 Qa6 37. a4 Rg4 38. a5 Qa7 39. Qb4 Kh7 40. f3 Rh4 41. Kg1
Qa6 42. Kf2 Qc8 43. Kg3 Rh5 44. Qa4 Qa6 45. Rd8 Qb7 46. a6 Qb2 47. Rd2 Qc3 48.
Qa1 Qb3 49. Qb1 Qxc4 50. Rd8 Qxc5 51. a7 Qxa7 52. Qxf5+ 1-0

[Event "5MCR_4D_1L_4S"]
[Site "?"]
[Date "2002.??.??"]
[Round "?"]
[White "Kosek, Lubomir"]
[Black "Flek, Vladislav"]
[Result "0-1"]
[WhiteElo "2110"]
[BlackElo "2000"]
[PlyCount "36"]
[EventDate "2002.??.??"]
[EventType "corr"]
[SourceDate "2004.??.??"]

1. e4 c5 2. Nf3 d6 3. d4 cxd4 4. Nxd4 Nf6 5. Nc3 a6 6. Be3 e5 7. Nb3 Be6 8. Qd2
b5 9. f3 Be7 10. O-O-O Nbd7 11. g4 Nb6 12. Qf2 Nfd7 13. Kb1 Qc7 14. h4 Rc8 15.
Nd5 Bxd5 16. exd5 Nc4 17. Bd3 Ndb6 18. Bf1 Nxe3 0-1

[Event "5MCR_4D_1L_4S"]
[Site "?"]
[Date "2002.??.??"]
[Round "?"]
[White "Kosek, Lubomir"]
[Black "Hladik, Josef"]
[Result "1/2-1/2"]
[WhiteElo "2110"]
[BlackElo "2205"]
[PlyCount "69"]
[EventDate "2002.??.??"]
[EventType "corr"]
[SourceDate "2004.??.??"]

1. e4 e5 2. Nf3 Nc6 3. Bb5 a6 4. Ba4 Nf6 5. Qe2 b5 6. Bb3 Bc5 7. a4 Rb8 8. axb5
axb5 9. Nc3 O-O 10. O-O b4 11. Nd5 d6 12. Ne3 Nxe4 13. Bd5 Nd4 14. Nxd4 exd4
15. Bxe4 dxe3 16. fxe3 d5 17. Bf3 Bd6 18. d4 Bf5 19. Qf2 Bg6 20. h4 Be4 21.
Bxe4 dxe4 22. c4 c5 23. dxc5 Bxc5 24. Qf5 Qe7 25. Ra5 Rbc8 26. b3 Rfd8 27. h5
Rc6 28. Qg4 h6 29. Rf5 Bb6 30. Rad5 Rxd5 31. Rxd5 Re6 32. Qf4 Bc7 33. Qg4 Be5
34. Ra5 Qd8 35. Rd5 1/2-1/2

[Event "5MCR_4D_1L_4S"]
[Site "?"]
[Date "2002.??.??"]
[Round "?"]
[White "Kosek, Lubomir"]
[Black "Janecek, Josef"]
[Result "0-1"]
[WhiteElo "2110"]
[BlackElo "2185"]
[PlyCount "82"]
[EventDate "2002.??.??"]
[EventType "corr"]
[SourceDate "2004.??.??"]

1. e4 c5 2. Nf3 Nc6 3. d4 cxd4 4. Nxd4 Nf6 5. Nc3 e5 6. Ndb5 d6 7. Nd5 Nxd5 8.
exd5 Nb8 9. c4 Be7 10. Be2 a6 11. Nc3 O-O 12. O-O f5 13. b4 Nd7 14. Bb2 b6 15.
a4 a5 16. bxa5 Rxa5 17. Nb5 Nc5 18. Bc3 Ra8 19. Bb4 e4 20. Ra3 Bf6 21. Qc2 Be5
22. Bc3 Bxc3 23. Nxc3 Bd7 24. Rfa1 Qg5 25. Qb1 Qe7 26. Qe1 f4 27. Rb1 Rae8 28.
Ra2 Qg5 29. Bf1 e3 30. f3 Rb8 31. Rb4 Qe5 32. Qa1 Rfe8 33. Ne2 Qxa1 34. Rxa1 g5
35. Nc3 Kf7 36. Be2 Kf6 37. Ne4+ Nxe4 38. fxe4 Ke5 39. Bh5 Rg8 40. Be2 g4 41.
Kh1 f3 0-1

[Event "5MCR_4D_1L_4S"]
[Site "?"]
[Date "2002.??.??"]
[Round "?"]
[White "Kosek, Lubomir"]
[Black "Jordanek, Jiri"]
[Result "0-1"]
[WhiteElo "2110"]
[BlackElo "2000"]
[PlyCount "68"]
[EventDate "2002.??.??"]
[EventType "corr"]
[SourceDate "2004.??.??"]

1. e4 c5 2. Nf3 d6 3. d4 cxd4 4. Nxd4 Nf6 5. Nc3 a6 6. Be3 e6 7. Qd2 b5 8. f3
Nbd7 9. g4 h6 10. O-O-O Bb7 11. h4 b4 12. Nce2 d5 13. exd5 Nxd5 14. Nf4 Nxe3
15. Qxe3 Qb6 16. Bc4 O-O-O 17. Nd3 Be7 18. Rde1 Nc5 19. Nb3 Nxd3+ 20. Bxd3
Qxe3+ 21. Rxe3 g5 22. Na5 Bd5 23. Bxa6+ Kc7 24. Bc4 gxh4 25. Rd3 Ba8 26. Rh3 h5
27. gxh5 Rdg8 28. Nb3 Rxh5 29. Nd4 Rg1+ 30. Kd2 Bg5+ 31. Ke2 Bf4 32. Rb3 Rhg5
33. Bxe6 Bb7 34. Rxb4 Ba6+ 0-1

[Event "5MCR_4D_1L_4S"]
[Site "?"]
[Date "2002.??.??"]
[Round "?"]
[White "Kosek, Lubomir"]
[Black "Kuta, Miroslav"]
[Result "0-1"]
[WhiteElo "2110"]
[BlackElo "2180"]
[PlyCount "61"]
[EventDate "2002.??.??"]
[EventType "corr"]
[SourceDate "2004.??.??"]

1. e4 c6 2. d4 d5 3. exd5 cxd5 4. c4 Nf6 5. Nc3 e6 6. Nf3 Be7 7. cxd5 Nxd5 8.
Bc4 O-O 9. O-O Nc6 10. Re1 a6 11. Bb3 Nxc3 12. bxc3 b5 13. Qd3 Bb7 14. Bb2 Na5
15. Bc2 g6 16. a4 Nc4 17. Bc1 Qd5 18. axb5 axb5 19. Bh6 Rfc8 20. Bf4 Nb2 21.
Qd2 Qc4 22. Bxg6 hxg6 23. Qxb2 Qxc3 24. Qxc3 Rxc3 25. Bd2 Rc2 26. Rxa8+ Bxa8
27. Be3 Bd5 28. Ra1 b4 29. Ne1 Re2 30. Kf1 Bc4 31. Rc1 0-1

[Event "5MCR_4D_1L_4S"]
[Site "?"]
[Date "2002.??.??"]
[Round "?"]
[White "Kosek, Lubomir"]
[Black "Mozny, Milos"]
[Result "0-1"]
[WhiteElo "2110"]
[BlackElo "2000"]
[PlyCount "52"]
[EventDate "2002.??.??"]
[EventType "corr"]
[SourceDate "2004.??.??"]

1. e4 c5 2. Nf3 d6 3. d4 cxd4 4. Nxd4 Nf6 5. Nc3 a6 6. Be3 e6 7. Qd2 b5 8. f3
Bb7 9. O-O-O Nbd7 10. g4 Nb6 11. h4 b4 12. Nb1 d5 13. Nb3 Na4 14. g5 Nd7 15.
exd5 Bxd5 16. Rh3 Qc7 17. h5 Bd6 18. g6 Be5 19. Nd4 Ndc5 20. f4 b3 21. gxf7+
Kxf7 22. a3 Bxd4 23. Bxd4 bxc2 24. Qxc2 Be4 25. Qc4 Rhc8 26. Bc3 Qxf4+ 0-1

[Event "5MCR_4D_1L_4S"]
[Site "?"]
[Date "2002.??.??"]
[Round "?"]
[White "Kosek, Lubomir"]
[Black "Struzka, Vlastimil"]
[Result "1/2-1/2"]
[WhiteElo "2110"]
[BlackElo "2180"]
[PlyCount "98"]
[EventDate "2002.??.??"]
[EventType "corr"]
[SourceDate "2004.??.??"]

1. e4 d6 2. d4 Nf6 3. Nc3 g6 4. Be3 Bg7 5. h3 O-O 6. Nf3 c6 7. Qd2 Qb6 8. O-O-O
Rd8 9. g4 Qa5 10. Bd3 b5 11. g5 Nfd7 12. Kb1 b4 13. Ne2 c5 14. Ng3 Nb6 15. Qe2
Nc6 16. Nd2 Nxd4 17. Bxd4 cxd4 18. h4 Qe5 19. Qf1 Bg4 20. f4 Qc5 21. Re1 a5 22.
h5 a4 23. f5 gxh5 24. Nxh5 b3 25. cxb3 Qa5 26. Nc4 Nxc4 27. Bxc4 axb3 28. a3 d3
29. Nxg7 d2 30. Rd1 Bxd1 31. Qxd1 Qe5 32. Bxb3 Rac8 33. Qh5 Qxg7 34. g6 hxg6
35. fxg6 e6 36. gxf7+ Kf8 37. Bxe6 Rb8 38. b4 Ke7 39. Qd5 Rh8 40. Rd1 Qf6 41.
Bf5 Qxf7 42. Qxf7+ Kxf7 43. Rxd2 Rh1+ 44. Kb2 Ke7 45. Rd3 Rf1 46. Kb3 Ra8 47.
Re3 Rb1+ 48. Kc2 Ra1 49. Kb2 Rh1 1/2-1/2

[Event "5MCR_4D_1L_4S"]
[Site "?"]
[Date "2002.??.??"]
[Round "?"]
[White "Kovar, Jan"]
[Black "Cakl, Zdenek"]
[Result "1/2-1/2"]
[WhiteElo "2000"]
[BlackElo "2155"]
[PlyCount "104"]
[EventDate "2002.??.??"]
[EventType "corr"]
[SourceDate "2004.??.??"]

1. e4 c5 2. Nf3 Nc6 3. Bb5 d6 4. d4 cxd4 5. Qxd4 Bd7 6. Bxc6 bxc6 7. c4 e5 8.
Qd3 Nf6 9. Nc3 Be6 10. O-O Be7 11. Rd1 Qc7 12. Bg5 Rd8 13. b4 h6 14. Bxf6 Bxf6
15. b5 Be7 16. Rab1 Rc8 17. c5 dxc5 18. bxc6 c4 19. Qe3 Qxc6 20. Qxa7 Bc5 21.
Qb7 Qxb7 22. Rxb7 Bg4 23. Rc1 Bxf3 24. gxf3 h5 25. Nd5 Rh6 26. Kf1 Bd4 27. Ne7
Rc5 28. Rcb1 c3 29. Nd5 Rc8 30. Re7+ Kf8 31. Rc7 Ra8 32. Rbb7 Kg8 33. Rxf7 Rg6
34. Rfc7 Kh7 35. Nxc3 Bxc3 36. Rxc3 Rxa2 37. Rb5 Ra1+ 38. Ke2 Re6 39. f4 exf4
40. Rxh5+ Kg6 41. Rh4 Kg5 42. Rh8 Rxe4+ 43. Kf3 Rb4 44. Rc5+ Kf6 45. Rc6+ Ke5
46. Rh5+ Kd4 47. Kxf4 Rf1 48. Rd6+ Kc4 49. Rd2 Rb8 50. Kf3 Rg1 51. Rh4+ Kc5 52.
Rd3 g5 1/2-1/2

[Event "5MCR_4D_1L_4S"]
[Site "?"]
[Date "2002.??.??"]
[Round "?"]
[White "Kovar, Jan"]
[Black "Flek, Vladislav"]
[Result "1/2-1/2"]
[WhiteElo "2000"]
[BlackElo "2000"]
[PlyCount "63"]
[EventDate "2002.??.??"]
[EventType "corr"]
[SourceDate "2004.??.??"]

1. e4 c5 2. Nf3 d6 3. Bb5+ Bd7 4. Bxd7+ Qxd7 5. c4 e5 6. Nc3 Nf6 7. d3 Be7 8.
O-O O-O 9. a3 Nc6 10. Rb1 Rab8 11. b4 b6 12. b5 Nd8 13. Ne1 Ne6 14. Nc2 Ne8 15.
Nd5 N8c7 16. Qg4 Rbd8 17. Nce3 Nxd5 18. Nxd5 Nd4 19. Qxd7 Rxd7 20. Be3 Ne6 21.
f4 Nc7 22. Nxc7 Rxc7 23. a4 Rb7 24. a5 Bd8 25. axb6 axb6 26. f5 f6 27. Ra1 Bc7
28. g4 Bb8 29. h4 h6 30. Kf2 Kf7 31. Kf3 g5 32. h5 1/2-1/2

[Event "5MCR_4D_1L_4S"]
[Site "?"]
[Date "2002.??.??"]
[Round "?"]
[White "Kovar, Jan"]
[Black "Jordanek, Jiri"]
[Result "1/2-1/2"]
[WhiteElo "2000"]
[BlackElo "2000"]
[PlyCount "56"]
[EventDate "2002.??.??"]
[EventType "corr"]
[SourceDate "2004.??.??"]

1. e4 c5 2. Nf3 d6 3. Bb5+ Bd7 4. Bxd7+ Qxd7 5. c4 Nc6 6. d4 cxd4 7. Nxd4 Nf6
8. Nc3 g6 9. f3 Bg7 10. Be3 O-O 11. O-O Rac8 12. b3 Rfd8 13. Qd2 e6 14. Rfd1 d5
15. exd5 exd5 16. c5 Re8 17. Rac1 Qe7 18. Re1 Qxc5 19. Ncb5 Qe7 20. Nxc6 Rxc6
21. Bxa7 Qd7 22. a4 b6 23. Rxe8+ Qxe8 24. Rd1 Nd7 25. b4 d4 26. a5 Ne5 27. axb6
Nc4 28. Qf2 Nxb6 1/2-1/2

[Event "5MCR_4D_1L_4S"]
[Site "?"]
[Date "2002.??.??"]
[Round "?"]
[White "Kovar, Jan"]
[Black "Kolarik, Jiri"]
[Result "1-0"]
[WhiteElo "2000"]
[BlackElo "2375"]
[PlyCount "65"]
[EventDate "2002.??.??"]
[EventType "corr"]
[SourceDate "2004.??.??"]

1. e4 e6 2. d4 d5 3. Nd2 Nf6 4. e5 Nfd7 5. c3 c5 6. Bd3 Nc6 7. Ne2 cxd4 8. cxd4
f6 9. exf6 Nxf6 10. Nf3 Bd6 11. O-O O-O 12. Bf4 Bxf4 13. Nxf4 Ng4 14. Qd2 Qd6
15. g3 Bd7 16. Rfe1 Rae8 17. Rad1 Kh8 18. Ng5 Nf6 19. Bb1 e5 20. dxe5 Rxe5 21.
Rxe5 Nxe5 22. Qd4 Bg4 23. Re1 Nc6 24. Qa4 Bd7 25. Qc2 Nd4 26. Qd1 Qb4 27. a3
Qxb2 28. Nxh7 Re8 29. Rxe8+ Bxe8 30. Nxf6 gxf6 31. Kg2 Qb6 32. Qd3 f5 33. Qe3
1-0

[Event "5MCR_4D_1L_4S"]
[Site "?"]
[Date "2002.??.??"]
[Round "?"]
[White "Kovar, Jan"]
[Black "Kosek, Lubomir"]
[Result "1-0"]
[WhiteElo "2000"]
[BlackElo "2110"]
[PlyCount "87"]
[EventDate "2002.??.??"]
[EventType "corr"]
[SourceDate "2004.??.??"]

1. e4 e5 2. Nf3 Nc6 3. Nc3 Nf6 4. Bb5 Bc5 5. Bxc6 dxc6 6. d3 Bg4 7. h3 Bh5 8.
Be3 Bxe3 9. fxe3 Qd6 10. Qe2 O-O-O 11. g4 Bg6 12. O-O-O Nd7 13. Nh4 Nc5 14.
Rhf1 f6 15. Nf5 Qd7 16. d4 exd4 17. exd4 Ne6 18. d5 cxd5 19. exd5 Ng5 20. d6
Bxf5 21. dxc7 Qxc7 22. gxf5 Rxd1+ 23. Rxd1 Qf4+ 24. Kb1 a6 25. h4 Nf3 26. Nd5
Qg4 27. Qe6+ Kb8 28. Qd6+ Ka7 29. Qb6+ Kb8 30. Qc7+ Ka7 31. Qb6+ Kb8 32. b3 Qg3
33. Nb4 Rc8 34. Nxa6+ Ka8 35. Qe6 Rc6 36. Rd8+ Ka7 37. Qe3+ Rb6 38. a4 Qe1+ 39.
Qxe1 Nxe1 40. Nc7 Rc6 41. Nb5+ Kb6 42. c4 Ng2 43. Kb2 Rc5 44. Kc3 1-0

[Event "5MCR_4D_1L_4S"]
[Site "?"]
[Date "2002.??.??"]
[Round "?"]
[White "Kovar, Jan"]
[Black "Rachunek, Milan"]
[Result "1/2-1/2"]
[WhiteElo "2000"]
[BlackElo "2235"]
[PlyCount "40"]
[EventDate "2002.??.??"]
[EventType "corr"]
[SourceDate "2004.??.??"]

1. e4 e5 2. Nf3 Nc6 3. Nc3 Nf6 4. Bb5 Nd4 5. Ba4 Bc5 6. Nxe5 O-O 7. Nd3 Bb6 8.
e5 Ne8 9. Nd5 d6 10. Ne3 c5 11. c3 Nf5 12. exd6 Qxd6 13. Qe2 Nf6 14. O-O Rd8
15. Nxf5 Bxf5 16. Ne5 Bc7 17. f4 Qb6 18. Qf2 c4 19. Nxc4 Qa6 20. Ne3 Bd3
1/2-1/2

[Event "5MCR_4D_1L_4S"]
[Site "?"]
[Date "2002.??.??"]
[Round "?"]
[White "Kovar, Jan"]
[Black "Struzka, Vlastimil"]
[Result "1-0"]
[WhiteElo "2000"]
[BlackElo "2180"]
[PlyCount "101"]
[EventDate "2002.??.??"]
[EventType "corr"]
[SourceDate "2004.??.??"]

1. e4 d6 2. d4 Nf6 3. Nc3 g6 4. Nf3 Bg7 5. Be2 O-O 6. O-O Bg4 7. Be3 c6 8. a4
Qa5 9. h3 Bxf3 10. Bxf3 Nbd7 11. Qd2 Rfd8 12. b4 Qc7 13. Ra3 c5 14. bxc5 dxc5
15. d5 a6 16. Rb1 Ne8 17. a5 Nd6 18. Bf4 Be5 19. Be2 Nc4 20. Bxc4 Bxf4 21. Qe1
Ne5 22. Ba2 Nd7 23. Na4 Rab8 24. g3 Be5 25. f4 Bd4+ 26. Kg2 c4 27. Rd1 Ba7 28.
Nb2 Bc5 29. Rf3 b5 30. axb6 Nxb6 31. Nxc4 Nxc4 32. Bxc4 a5 33. Qe2 Rb6 34. e5
Qd7 35. f5 gxf5 36. Qd3 Rg6 37. Rxf5 Rg7 38. Rdf1 e6 39. dxe6 Qb7+ 40. Qf3 Rd2+
41. Kh1 fxe6 42. Bxe6+ Kh8 43. Qxb7 Rxb7 44. Bb3 Kg7 45. e6 Bb4 46. Rf7+ Rxf7
47. Rxf7+ Kh6 48. h4 Rd1+ 49. Kg2 Rd8 50. Ba4 Rd2+ 51. Kf3 1-0

[Event "5MCR_4D_1L_4S"]
[Site "?"]
[Date "2002.??.??"]
[Round "?"]
[White "Kuta, Miroslav"]
[Black "Hladik, Josef"]
[Result "0-1"]
[WhiteElo "2180"]
[BlackElo "2205"]
[PlyCount "66"]
[EventDate "2002.??.??"]
[EventType "corr"]
[SourceDate "2004.??.??"]

1. d4 d5 2. c4 c6 3. Nf3 Nf6 4. Nc3 e6 5. Bg5 h6 6. Bh4 dxc4 7. e4 g5 8. Bg3 b5
9. Be2 Bb7 10. h4 b4 11. hxg5 bxc3 12. gxf6 cxb2 13. Rb1 Qa5+ 14. Nd2 c3 15.
O-O Qxa2 16. Qc2 Bb4 17. Nc4 Ba6 18. Nd6+ Kf8 19. Nxf7 Bxe2 20. Nxh8 Bxf1 21.
Kxf1 Nd7 22. e5 Ke8 23. Kg1 a5 24. Ng6 Kd8 25. Nf4 a4 26. d5 a3 27. Kh2 exd5
28. Qg6 Kc7 29. e6 Ne5 30. Nd3 Qxb1 31. Qh7+ Kb6 32. Bxe5 Qxd3 33. Qxd3 a2 0-1

[Event "5MCR_4D_1L_4S"]
[Site "?"]
[Date "2002.??.??"]
[Round "?"]
[White "Kuta, Miroslav"]
[Black "Janecek, Josef"]
[Result "1/2-1/2"]
[WhiteElo "2180"]
[BlackElo "2185"]
[PlyCount "62"]
[EventDate "2002.??.??"]
[EventType "corr"]
[SourceDate "2004.??.??"]

1. d4 Nf6 2. c4 g6 3. Nc3 Bg7 4. e4 O-O 5. Nf3 d6 6. Be2 e5 7. O-O Nc6 8. d5
Ne7 9. b4 c6 10. dxc6 bxc6 11. Bg5 Be6 12. Rc1 h6 13. Bxf6 Bxf6 14. Qd2 g5 15.
Rcd1 g4 16. Ne1 Bg5 17. Qxd6 Qxd6 18. Rxd6 Rfd8 19. Rxd8+ Rxd8 20. Nd3 Rd4 21.
Nxe5 Bd2 22. Nb1 Bxb4 23. Bxg4 Rxe4 24. Bxe6 Rxe5 25. a3 Bd6 26. Bd7 Re2 27. g3
Rc2 28. Rd1 Bc5 29. Nd2 Bxa3 30. Nb3 Bb4 31. Ra1 Rb2 1/2-1/2

[Event "5MCR_4D_1L_4S"]
[Site "?"]
[Date "2002.??.??"]
[Round "?"]
[White "Kuta, Miroslav"]
[Black "Kovar, Jan"]
[Result "1/2-1/2"]
[WhiteElo "2180"]
[BlackElo "2000"]
[PlyCount "71"]
[EventDate "2002.??.??"]
[EventType "corr"]
[SourceDate "2004.??.??"]

1. d4 d5 2. c4 e6 3. Nc3 c6 4. Nf3 Nf6 5. Bg5 dxc4 6. e4 b5 7. e5 h6 8. Bh4 g5
9. Nxg5 hxg5 10. Bxg5 Nbd7 11. exf6 Bb7 12. g3 Qb6 13. Bg2 O-O-O 14. O-O Bh6
15. Bxh6 Rxh6 16. Qd2 Rg6 17. Rad1 Nxf6 18. Qf4 Qc7 19. Qxc7+ Kxc7 20. f4 Rh6
21. f5 Bc8 22. fxe6 Bxe6 23. Rf4 b4 24. Na4 Nd5 25. Bxd5 cxd5 26. Nc5 a5 27. h4
Rg8 28. Kf2 Kd6 29. Rg1 Ke7 30. Kf3 Bc8 31. Re1+ Kf8 32. Re5 Rhg6 33. Rxd5
Rxg3+ 34. Ke2 Rh3 35. Nd7+ Bxd7 36. Rxd7 1/2-1/2

[Event "5MCR_4D_1L_4S"]
[Site "?"]
[Date "2002.??.??"]
[Round "?"]
[White "Kuta, Miroslav"]
[Black "Lorenc, Tomas"]
[Result "1/2-1/2"]
[WhiteElo "2180"]
[BlackElo "2200"]
[PlyCount "61"]
[EventDate "2002.??.??"]
[EventType "corr"]
[SourceDate "2004.??.??"]

1. d4 d5 2. c4 c6 3. Nf3 Nf6 4. Nc3 dxc4 5. a4 Bf5 6. Ne5 Nbd7 7. Nxc4 Nb6 8.
Ne5 a5 9. f3 Nfd7 10. Nxd7 Nxd7 11. e4 Bg6 12. Be3 Qb6 13. Qd2 e5 14. Rd1 Rd8
15. dxe5 Bc5 16. Bxc5 Nxc5 17. Qxd8+ Qxd8 18. Rxd8+ Kxd8 19. Bc4 Re8 20. Kf2
Rxe5 21. g4 Re7 22. h4 f6 23. h5 Bf7 24. Rd1+ Kc7 25. Bxf7 Rxf7 26. Ke3 Rd7 27.
Rxd7+ Kxd7 28. f4 Kd6 29. Kd4 b6 30. Ke3 Ke6 31. Kd4 1/2-1/2

[Event "5MCR_4D_1L_4S"]
[Site "?"]
[Date "2002.??.??"]
[Round "?"]
[White "Kuta, Miroslav"]
[Black "Mozny, Milos"]
[Result "1-0"]
[WhiteElo "2180"]
[BlackElo "2000"]
[PlyCount "55"]
[EventDate "2002.??.??"]
[EventType "corr"]
[SourceDate "2004.??.??"]

1. d4 Nf6 2. c4 e6 3. Nc3 Bb4 4. e3 O-O 5. Nf3 c5 6. Bd3 Bxc3+ 7. bxc3 d6 8.
O-O Nc6 9. Nd2 b6 10. Bb2 Ba6 11. e4 cxd4 12. cxd4 e5 13. Qa4 Bb7 14. d5 Nb8
15. f4 Nbd7 16. Qa3 Qc7 17. fxe5 dxe5 18. Rac1 Rac8 19. Be2 Nc5 20. Rxf6 gxf6
21. Bg4 f5 22. Bxf5 Rce8 23. Bxh7+ Kh8 24. Qh3 f6 25. Bf5+ Kg8 26. Rc3 Rf7 27.
Qh6 Rg7 28. Rh3 1-0